| 000 | 00654cam a2200229 4500 | ||
|---|---|---|---|
| 001 | M1227 | ||
| 008 | 090401t1992 xxu||||| |||| 00| 0 eng d | ||
| 035 | _a(Sirsi) u30652 | ||
| 041 | _aeng | ||
| 050 | _a346.41043 | ||
| 110 |
_aUnited Kingdom _bDepartment of the Environment _9982 |
||
| 245 | _aProtected trees: a guide to tree preservation procedures. | ||
| 260 |
_aLondon _bDepartment of the Environment _c1992 |
||
| 300 | _a1 folded sheet (8p.) ; 21x10cm. | ||
| 350 | _a0 | ||
| 650 | _aPRESERVATION ORDERS | ||
| 650 | _aTREE | ||
| 690 | _aRURAL PRACTICE | ||
| 710 |
_aUnited Kingdom _bWelsh Office _91214 |
||
| 942 | _n0 | ||
| 948 | _c04/03/1997 | ||
| 999 |
_c89503 _d89503 |
||